Introducción al pensamiento filosófico /

Este libro es una introducción al pensamiento filosófico. Contenido del Vol. 3: El Lenguaje; El Trabajo; La Libertad; La Historia; Dios.

Guardat en:
Dades bibliogràfiques
Autor principal: Gourinat, Michel (autor)
Format: Llibre
Idioma:espanyol
Publicat: Madrid, España : Istmo, 1974
Matèries:
Etiquetes: Afegir etiqueta
Sense etiquetes, Sigues el primer a etiquetar aquest registre!

MARC

LEADER 00000nam^a2200000^a^4500
001 000000763
005 20250521000000.0
009 20260310083040.537
020 |a 84-7090-052-8 
037 |a Acervo ITESO - Biblioteca 
041 |a ESP 
082 |a 100.  |b GOU V. 3 
100 |a Gourinat, Michel  |e (autor) 
245 1 0 |a Introducción al pensamiento filosófico /  |c M. Gourinat. 
264 1 |a Madrid, España :  |b Istmo,  |c 1974 
300 |a 314 p. 
336 |a texto  |b txt  |2 rdacontenido 
337 |a sin mediación  |b n  |2 rdamedio 
338 |a volumen  |b nc  |2 rdasoporte 
520 |a Este libro es una introducción al pensamiento filosófico. Contenido del Vol. 3: El Lenguaje; El Trabajo; La Libertad; La Historia; Dios. 
649 |a XX 
650 |a Filosofía 
910 |a Fondo General 
920 |a Impresos - Libros 
930 |a Colección General 
905 |a 101 
901 |a 0007630100  |b IT1  |c ACC  |i 000763  |u 20250521 
902 |a https://opac.biblio.iteso.mx/vufind/Record/000000763